000 01062cab a22001935a 4500
001 L153124
008 110610e2011 xxk 000 0 eng d
035 _a(Sirsi) u153124
041 0 _aeng
100 1 _aWatson, Stuart
245 0 0 _aMarkets
_bsheds
260 _c2011
490 0 _aProperty Week
_v77(21) 27 May 2011, 51-76(5)
520 _aLynton Developments seals its first significant deal in the south of England with Tesco taking a 120 000 sq ft warehouse at Manor Royal business park near London Gatwick. Waitrose expands its online operation with a pre-let of 400 000 sq ft distribution centre at Chorley, Lancashire. Demand for UK airport distribution space will continue to grow as freight cargo volumes rise. Since April a steady stream of industrial portfolios has hit the market: mostly south-east multi-let estates considered good secondary assets. Latest DTZ research shows the recovery in the big shed market during 2010 has continued in Q1 2011.
590 _aKA
651 4 _aUnited Kingdom
_y
700 1 _aSleath, David
942 _n0
999 _c83195
_d83195